Responses for Show #3475 - Friday, October 15, 1999

Contestants

[<< previous game]

Jeff Hendrick, a comedian and actor originally from Turlock, California

Melanie Smith, an office manager from Modesto, California

David Waters, a public information officer from Portland, Oregon (whose 1-day cash winnings total $6,610)

[next game >>]

Jeopardy! Round responses

CALIFORNIA DREAMIN'
SEASONS
GENERAL HOSPITAL
PLACE NAME PEOPLE
SKIN STUFF
"ITCH"Y
    $100 11
William Randolph Hearst

Jeff
    $100 16
Winter

Melanie
    $100 26
(J: What is England?)

Australia

DavidJeff
    $100 21
John Lansing

Melanie
    $100 1
Mole

David
    $100 6
Snitch

Melanie
    $200 12
Sierra Nevadas

Melanie
    $200 17
Monsoon/rainy

David
    $200 27
(M: What is Charles County?)

Los Angeles County

Melanie
Triple Stumper
    $200 22
(J: What is Carson City?)

Denver

Jeff
Triple Stumper
    $200 2
Bottom of the feet

David
    $200 7
Hitch

Jeff
    $300 13
Mojave Desert

Melanie
    $300 18
Rabbit or duck season

Melanie
    $300 28
Beverly Hills, 90210

Melanie
    $300 23
(Alex: (before FJ) For all you history buffs who were going to write in, we also would have accepted Ebenezer Breeds, since the battle was also fought on Breeds' Hill.)

George Bunker

Melanie
    $300 3
Graft

David
    $300 8
(M: What is to etch?)
---------------------------------
(Alex: (before clue 14):
Melanie, good news for you: I made a mistake in reading the clue as "to cut glass", so that might have thrown you off & we're going to give you $300 back.)

Ditch

Jeff
    $900 14
Eureka

Melanie
    $400 19
Fall

David
    $400 29
(buzzer sounds)

Tia Carrere

Jeff
    $400 24
John Bozeman

Triple Stumper
    $400 4
Loofah

Jeff
    $400 9
Pitch

Jeff
    $500 15
Pismo Beach

Jeff
    $500 20
John Keats

David
    $500 25
Isaac Barre

Melanie
    $500 5
Laser

Melanie
    $500 10
(J: What is a pitch?)

Bait-and-switch

DavidJeff

Scores at the first commercial break (after clue 14):

David Melanie Jeff
$1,100 $2,000 $900

Scores at the end of the Jeopardy! Round:

David Melanie Jeff
$2,300 $3,400 $1,500

Double Jeopardy! Round responses

LITERATURE
NAME THAT DAD
BETRAYED!
FILMS OF THE '10s
1970s LEADERS
THE NUMBER OF...
    $200 6
Communists

Jeff
    $200 9
Fred Flintstone

David
    $200 10
Delilah

David
    $200 24
D.W. Griffith

Melanie
    $200 20
(D: Who was Jimmy Carter?)
(M: Who was Nixon?)

Gerald Ford

DavidMelanie
Triple Stumper
    $200 1
64

Jeff
    $400 7
(M: What is "Swan's Life?")

The Three Musketeers

Melanie
Triple Stumper
    $400 17
King Arthur

David
    $400 11
Cressida

David
    $400 25
A Tale of Two Cities

Triple Stumper
    $400 21
Anwar Sadat

Melanie
    $400 2
12

Melanie
    $600 8
Edward Lear

Triple Stumper
    $600 18
(J: Who is Noah?)

Abraham

DavidJeff
    $1,900 12
Maximilian

David
    $600 26
(buzzer sounds)

Theda Bara

Melanie
    $1,400 22
(with less than a minute to go...)

Saigon

Melanie
    $600 3
(M: What is 6?)

8

DavidMelanie
    $800 15
(J: What is "The Piano?")

The Portrait of a Lady

MelanieJeff
    $800 19
(D: Who is Maria Shriver?)
(Alex: That's who she is.)

Sargent Shriver

David
Triple Stumper
    $800 13
Aaron Burr

Jeff
    $800 23
France

Triple Stumper
    $800 4
(J: What is 18?)
(D: What is 36?)
(Alex: 4 days of 18 holes each.)

72

DavidMelanieJeff
    $1000 16
Crimes of the Heart

Triple Stumper
    $1000 14
Penelope

Melanie
    $1000 5
(M: What is 20?)

24

Melanie
Triple Stumper

Scores at the end of the Double Jeopardy! Round:

David Melanie Jeff
$4,800 $6,800 $500

[wagering suggestions for these scores]

Final Jeopardy! Round responses

NATIONAL HEROES
JeffWhat is the Dominican Republic
$500
DavidWhat is the Dominican Republic
$3,700
MelanieWhat is the Dominican Republic?
$2,850
Dominican Republic

Final scores:

David Melanie Jeff
$8,500 $9,650 $1,000
2nd place: Trip to Delta Chelsea Inn, Toronto, Canada New champion: $9,650 3rd place: Two pairs of Calypso Watches

Game dynamics:

Coryat scores:

David Melanie Jeff
$3,500 $5,500 $500
15 R
(including 1 DD),
3 W
19 R
(including 2 DDs),
5 W
10 R,
6 W

Combined Coryat: $9,500

[game clues] [game scores] [suggest correction]

Game tape date: 1999-07-28
The J! Archive is created by fans, for fans. Scraping, republication, monetization, and malicious use prohibited; this site may use cookies and collect identifying information. See terms. The Jeopardy! game show and all elements thereof, including but not limited to copyright and trademark thereto, are the property of Jeopardy Productions, Inc. and are protected under law. This website is not affiliated with, sponsored by, or operated by Jeopardy Productions, Inc. Join the discussion at JBoard.tv.